|
|
|
|
| LEADER |
00000cam a2200000 a 4500 |
| 001 |
vtls001355649 |
| 003 |
SK-MaSNL |
| 005 |
20260302033851.0 |
| 008 |
240314s1959 xr 0 eng |
| 035 |
|
|
|a SNK000309114
|
| 040 |
|
|
|a SNK
|b slo
|c SNK
|e AACR2
|
| 041 |
|
|
|a cze
|h eng
|
| 044 |
|
|
|a xr
|c CZ
|
| 080 |
|
|
|a 821.111
|2 2011
|
| 080 |
|
|
|a 821.111-32
|2 2001
|
| 100 |
1 |
|
|a Joyce, James,
|d 1882-1941
|4 aut
|9 92805
|
| 245 |
1 |
0 |
|a Dubliňané
|c James Joyce ; [z anglického originálu ... přeložil Zdeněk Urbánek ; doslov Zdeněk Vančura]
|
| 260 |
|
|
|a Praha
|b Československý spisovateľ
|c 1959
|
| 300 |
|
|
|a 205 s.
|
| 650 |
0 |
7 |
|a anglická literatúra
|2 SNKPH
|9 1295
|
| 655 |
|
7 |
|a anglické poviedky
|2 SNKPH
|9 70540
|
| 852 |
|
|
|a Štátna vedecká knižnica v Banskej Bystrici
|
| 999 |
|
|
|c 1063721
|d 1065651
|
| 952 |
|
|
|t P60, <05>, [BOOK], {605}
|a SNK
|b SNK
|y NEVYP
|7 0
|p 17A0180275
|o snkID 24072 D1
|0 0
|1 1
|4 0
|d 1999-02-19
|l 0
|r 2005-01-02 00:00:00
|w 2026-02-24
|
| 952 |
|
|
|t P60, <05>, [BOOK], {605}
|a SNK
|b SNK
|y PREZ
|7 0
|p 17A0259797
|o snkID 24072
|0 0
|1 0
|4 0
|d 2000-11-28
|l 0
|r 2005-01-02 00:00:00
|w 2026-02-24
|